000 00271nam a2200097Ia 4500
001 997567
005 20250826221526.0
008 250824s9999 xx 000 0 und d
245 0 _aSERÜVEN PEŞİNDE-ALTIN MASKE
_cTUNCEL ALTINKÖPRÜ
260 _bGENÇ HAYAT ÇOCUK YAYINLARI
999 _c997567
_d997567